[Event "Arab-ch League 4th"]
[Site "Doha"]
[Date "2002.03.12"]
[Round "11"]
[White "Husari, Satea"]
[Black "Al Sahlanee, Hayder A Jaafar"]
[Result "1-0"]
[WhiteElo "2397"]
[BlackElo "2300"]
[PlyCount "119"]
[EventDate "2002.03.02"]
[EventType "team"]
[EventRounds "11"]
[EventCountry "QAT"]
[SourceTitle "CBM 087 Extra"]
[Source "ChessBase"]
[SourceDate "2002.05.03"]
[SourceVersion "2"]
[SourceVersionDate "2002.08.09"]
[SourceQuality "1"]

1. d4 d5 2. Nf3 Nf6 3. c4 e6 4. Nc3 c6 5. Qb3 Qb6 6. e3 Qxb3 7. axb3 Bd6 8. c5 Bc7 9. b4 b5 10. cxb6 Bxb6 11. Be2 Nfd7 12. 0-0 Bb7 13. Bd2 0-0 14. Ra2 Re8 15. Na4 Bc7 16. Bc3 Bd6 17. Rfa1 a6 18. Nc5 Nxc5 19. bxc5 Bc7 20. Nd2 e5 21. dxe5 Bxe5 22. Bxe5 Rxe5 23. Nf3 Re7 24. b4 Bc8 25. Nd4 Rc7 26. Kf1 g6 27. Ke1 Rca7 28. Kd2 Kf8 29. Bf3 Rc7 30. Kc3 Bb7 31. Be2 Ke8 32. h3 Kd8 33. Bd3 Bc8 34. e4 dxe4 35. Bxe4 Bb7 36. Nb3 Re7 37. Bd3 Bc8 38. Bc4 Be6 39. Rd2+ Kc7 40. Re2 Nd7 41. Bxe6 Rxe6 42. Rxe6 fxe6 43. Re1 e5 44. Na5 Rb8 45. Nc4 Re8 46. f3 g5 47. Nd6 Rf8 48. Ra1 Nb8 49. Ne4 h6 50. Rd1 Nd7 51. Rd6 Ra8 52. Rxh6 a5 53. Rh7 axb4+ 54. Kxb4 Ra2 55. Nf6 Rd2 56. Nxd7 Rxd7 57. Rxd7+ Kxd7 58. Ka5 Ke6 59. Kb6 Kd5 60. g3 1-0

[Event "Arab-ch League 4th"]
[Site "Doha"]
[Date "2002.03.08"]
[Round "7"]
[White "Mansour, Sameer"]
[Black "Al Sahlanee, Hayder A Jaafar"]
[Result "1/2-1/2"]
[WhiteElo "2239"]
[BlackElo "2300"]
[PlyCount "22"]
[EventDate "2002.03.02"]
[EventType "team"]
[EventRounds "11"]
[EventCountry "QAT"]
[SourceTitle "CBM 087 Extra"]
[Source "ChessBase"]
[SourceDate "2002.05.03"]
[SourceVersion "2"]
[SourceVersionDate "2002.08.09"]
[SourceQuality "1"]

1. e4 e6 2. d4 d5 3. Nd2 c5 4. exd5 Qxd5 5. Ngf3 cxd4 6. Bc4 Qd6 7. 0-0 Nf6 8. Nb3 Nc6 9. Nbxd4 Nxd4 10. Qxd4 Qxd4 11. Nxd4 a6 1/2-1/2

[Event "Arab-ch League 4th"]
[Site "Doha"]
[Date "2002.03.07"]
[Round "6"]
[White "Al Sahlanee, Hayder A Jaafar"]
[Black "Al Huwar, Jasem"]
[Result "1/2-1/2"]
[WhiteElo "2300"]
[BlackElo "2280"]
[PlyCount "41"]
[EventDate "2002.03.02"]
[EventType "team"]
[EventRounds "11"]
[EventCountry "QAT"]
[SourceTitle "CBM 087 Extra"]
[Source "ChessBase"]
[SourceDate "2002.05.03"]
[SourceVersion "2"]
[SourceVersionDate "2002.08.09"]
[SourceQuality "1"]

1. e4 g6 2. d4 Bg7 3. Nc3 d6 4. Nf3 Nf6 5. Be2 0-0 6. h3 a6 7. Bg5 b5 8. a4 b4 9. Bxf6 exf6 10. Nd5 a5 11. 0-0 Bb7 12. Bd3 Re8 13. c4 Nd7 14. Bc2 Nf8 15. Re1 Ne6 16. Qd2 c6 17. Nf4 Qd7 18. Nxe6 fxe6 19. Rad1 Kh8 20. Qf4 Qe7 21. Qh4 1/2-1/2

[Event "Asia Cities-ch 13th"]
[Site "Aden"]
[Date "2002.02.13"]
[Round "9"]
[White "Ardiansyah, Haji"]
[Black "Al Sahlanee, Hayder A Jaafar"]
[Result "1-0"]
[WhiteElo "2399"]
[BlackElo "2300"]
[PlyCount "93"]
[EventDate "2002.02.07"]
[EventType "team-swiss"]
[EventRounds "9"]
[EventCountry "YEM"]
[SourceTitle "EXT 2020"]
[Source "ChessBase"]
[SourceDate "2019.10.17"]
[SourceVersion "1"]
[SourceVersionDate "2019.10.17"]
[SourceQuality "1"]
[WhiteTeam "Jakarta"]
[BlackTeam "Baghdad"]
[WhiteTeamCountry "INA"]
[BlackTeamCountry "IRQ"]

1. d4 d5 2. Nf3 Nf6 3. c4 c6 4. Nc3 dxc4 5. a4 Bf5 6. e3 e6 7. Bxc4 Bb4 8. 0-0 Nbd7 9. h3 Qa5 10. Bd2 0-0 11. Qb3 c5 12. Rfd1 cxd4 13. Nxd4 Nc5 14. Qa2 Bg6 15. Be1 a6 16. f3 Rac8 17. e4 Rfd8 18. Bf1 Nfd7 19. Nc2 Bxc3 20. Bxc3 Qb6 21. Kh1 Qb3 22. Ne3 Nf8 23. Rxd8 Rxd8 24. Bc4 Qxa2 25. Rxa2 f6 26. b4 Ncd7 27. Rd2 Be8 28. Nf5 Kh8 29. Nd6 Rb8 30. Bb3 Nb6 31. a5 Na8 32. Bd4 Kg8 33. f4 Bf7 34. Bc5 Nc7 35. f5 Rd8 36. Rd4 Ne8 37. Nxb7 Rxd4 38. Bxd4 e5 39. Bxf7+ Kxf7 40. Bb6 Nd7 41. Bd8 Nb8 42. Bb6 Ke7 43. Nc5 Kd6 44. b5 axb5 45. a6 Nc6 46. a7 Nxa7 47. Bxa7 1-0

[Event "Asia Cities-ch 13th"]
[Site "Aden"]
[Date "2002.02.11"]
[Round "7"]
[White "Al Sahlanee, Hayder A Jaafar"]
[Black "Bajpai, Devendra"]
[Result "1/2-1/2"]
[WhiteElo "2300"]
[BlackElo "2125"]
[PlyCount "73"]
[EventDate "2002.02.07"]
[EventType "team-swiss"]
[EventRounds "9"]
[EventCountry "YEM"]
[SourceTitle "EXT 2020"]
[Source "ChessBase"]
[SourceDate "2019.10.17"]
[SourceVersion "1"]
[SourceVersionDate "2019.10.17"]
[SourceQuality "1"]
[WhiteTeam "Baghdad"]
[BlackTeam "Lucknow"]
[WhiteTeamCountry "IRQ"]
[BlackTeamCountry "IND"]

1. e4 c5 2. Nf3 Nc6 3. Bb5 Qb6 4. Nc3 e6 5. 0-0 d6 6. Bxc6+ bxc6 7. d4 cxd4 8. Nxd4 Nf6 9. e5 dxe5 10. Nb3 Nd5 11. Ne4 Ba6 12. Re1 Rd8 13. Qh5 Nf6 14. Qxe5 Nxe4 15. Qxe4 Bb7 16. Be3 c5 17. Qa4+ Bc6 18. Qg4 h5 19. Qg5 Rd5 20. Qg3 h4 21. Qh3 g5 22. Rad1 Qb4 23. c3 g4 24. cxb4 gxh3 25. g3 hxg3 26. fxg3 Bd6 27. b5 Rxd1 28. Rxd1 Bd5 29. Bf2 Rh5 30. Nd2 Re5 31. a4 Bc7 32. Re1 Rxe1+ 33. Bxe1 Ba5 34. Kf2 Kd7 35. Nb1 Bc7 36. Nc3 Bb3 37. Bd2 1/2-1/2

[Event "Asia Cities-ch 13th"]
[Site "Aden"]
[Date "2002.02.10"]
[Round "5"]
[White "Dzhumaev, Marat"]
[Black "Al Sahlanee, Hayder A Jaafar"]
[Result "1-0"]
[WhiteElo "2480"]
[BlackElo "2300"]
[PlyCount "73"]
[EventDate "2002.02.07"]
[EventType "team-swiss"]
[EventRounds "9"]
[EventCountry "YEM"]
[SourceTitle "EXT 2020"]
[Source "ChessBase"]
[SourceDate "2019.10.17"]
[SourceVersion "1"]
[SourceVersionDate "2019.10.17"]
[SourceQuality "1"]
[WhiteTeam "Namangan"]
[BlackTeam "Baghdad"]
[WhiteTeamCountry "UZB"]
[BlackTeamCountry "IRQ"]

1. e4 e6 2. d4 d5 3. exd5 exd5 4. Nf3 Bd6 5. c4 Nf6 6. Nc3 dxc4 7. Bxc4 0-0 8. h3 Re8+ 9. Be2 h6 10. 0-0 Nc6 11. Be3 Ne7 12. Bc4 c6 13. Re1 Ned5 14. Bd3 Bd7 15. Qd2 Nxe3 16. fxe3 c5 17. d5 a6 18. e4 Bg3 19. Re2 Nh5 20. Bc2 Nf4 21. Re3 Ng6 22. Ne2 Be5 23. Nxe5 Nxe5 24. Rg3 Qh4 25. Rf1 Kh8 26. Qc3 b5 27. b4 cxb4 28. Qxb4 Qd8 29. Qd4 f6 30. Bb3 a5 31. Nf4 a4 32. Bd1 Rb8 33. Nh5 Rg8 34. Qd2 Nf7 35. e5 Qb6+ 36. Kh1 Nxe5 37. Rxf6 1-0

[Event "Asia Cities-ch 13th"]
[Site "Aden"]
[Date "2002.02.08"]
[Round "2"]
[White "Al Sahlanee, Hayder A Jaafar"]
[Black "Nezad, Husein Aziz"]
[Result "1-0"]
[WhiteElo "2300"]
[BlackElo "2225"]
[PlyCount "85"]
[EventDate "2002.02.07"]
[EventType "team-swiss"]
[EventRounds "9"]
[EventCountry "YEM"]
[SourceTitle "EXT 2020"]
[Source "ChessBase"]
[SourceDate "2019.10.17"]
[SourceVersion "1"]
[SourceVersionDate "2019.10.17"]
[SourceQuality "1"]
[WhiteTeam "Baghdad"]
[BlackTeam "Doha"]
[WhiteTeamCountry "IRQ"]
[BlackTeamCountry "QAT"]

1. e4 c6 2. d4 d5 3. exd5 cxd5 4. Bd3 Nc6 5. c3 Nf6 6. Bf4 Bg4 7. Qb3 Qc8 8. Nd2 e6 9. Ngf3 Be7 10. 0-0 Bh5 11. Ne5 Nxe5 12. Bxe5 0-0 13. Rae1 Bg6 14. Bc2 Nd7 15. Bg3 Qc6 16. f4 a5 17. a4 Bxc2 18. Qxc2 g6 19. Nf3 Nb6 20. b3 Rfc8 21. Re3 Nd7 22. Ne5 Nxe5 23. fxe5 Rc7 24. Ref3 Bf8 25. Be1 b5 26. Qf2 Raa7 27. Qh4 Be7 28. Qf4 Bf8 29. Rh3 Bg7 30. Qh4 h5 31. g4 hxg4 32. Qxg4 bxa4 33. Qh4 Kf8 34. Bd2 Ke8 35. Qh7 Bf8 36. Qg8 f5 37. Rh8 Rf7 38. Bh6 Qxc3 39. Qxg6 Qxd4+ 40. Rf2 Qd1+ 41. Kg2 Qg4+ 42. Qxg4 fxg4 43. Rxf8+ 1-0